[Event "Montcalm VI 2003-04"]
[Site "Quebec CAN"]
[Date "2004.04.08"]
[Round "3"]
[White "Auger, Bertrand"]
[Black "Lessard, Claude"]
[Result "0-1"]
[WhiteElo "2039"]
[BlackElo "2007"]
[PlyCount "62"]
[GameId "2160767911175223"]
[EventDate "2004.03.25"]
[EventType "tourn"]
[EventRounds "5"]
[EventCountry "CAN"]
[SourceTitle "EXT 2005"]
[Source "ChessBase"]
[SourceDate "2004.11.15"]
[SourceVersion "1"]
[SourceVersionDate "2004.11.15"]
[SourceQuality "1"]

1. Nf3 c5 2. c4 g6 3. Nc3 Bg7 4. g3 d6 5. Bg2 Nc6 6. O-O e5 7. d3 Nge7 8. Rb1 O-O 9. Bd2 f5 10. Qc1 f4 11. gxf4 Bg4 12. fxe5 Bxf3 13. Bxf3 Rxf3 14. exf3 Nxe5 15. Bg5 Qd7 16. Kg2 Rf8 17. Ne4 Nxf3 18. Bxe7 Qxe7 19. Qe3 Qh4 20. h3 Bd4 21. Qe2 Qf4 22. Rh1 Nh4+ 23. Kf1 Nf5 24. Ke1 Nh4 25. Kf1 Nf3 26. a4 Kh8 27. a5 h5 28. b4 cxb4 29. Rxb4 Qc1+ 30. Kg2 Nh4+ 31. Kg3 Qf4# 0-1

[Event "Montcalm VI 2003-04"]
[Site "Quebec CAN"]
[Date "2004.04.08"]
[Round "3"]
[White "Berube, Antoine"]
[Black "Dion, Jean-Francois"]
[Result "1-0"]
[WhiteElo "1985"]
[BlackElo "1863"]
[PlyCount "37"]
[GameId "2160767911175224"]
[EventDate "2004.03.25"]
[EventType "tourn"]
[EventRounds "5"]
[EventCountry "CAN"]

1. d4 Nf6 2. c4 g6 3. Nc3 Bg7 4. e4 d6 5. f3 O-O 6. Be3 e5 7. d5 Nbd7 8. Bd3 Ne8 9. g4 Nc5 10. Bc2 f5 11. gxf5 gxf5 12. Qd2 Bf6 13. O-O-O f4 14. Bf2 Bh4 15. Qe1 Bxf2 16. Qxf2 a6 17. Nge2 Bh3 18. b4 b5 19. bxc5 1-0

[Event "Montcalm VI 2003-04"]
[Site "Quebec CAN"]
[Date "2004.04.08"]
[Round "3"]
[White "Caire, Francois"]
[Black "Sauve, Richard"]
[Result "1/2-1/2"]
[WhiteElo "2045"]
[BlackElo "2020"]
[PlyCount "70"]
[GameId "2160767911175225"]
[EventDate "2004.03.25"]
[EventType "tourn"]
[EventRounds "5"]
[EventCountry "CAN"]
[SourceTitle "EXT 2005"]
[Source "ChessBase"]
[SourceDate "2004.11.15"]
[SourceVersion "1"]
[SourceVersionDate "2004.11.15"]
[SourceQuality "1"]

1. d4 e6 2. Nf3 Nf6 3. c4 Bb4+ 4. Nbd2 O-O 5. a3 Bxd2+ 6. Bxd2 d6 7. Bg5 h6 8. Bh4 Nbd7 9. e3 e5 10. Be2 Qe7 11. Qc2 Re8 12. O-O exd4 13. Nxd4 Nc5 14. b4 Nce4 15. f3 Ng5 16. e4 Ngh7 17. Bd3 a5 18. Rae1 g5 19. Bg3 axb4 20. axb4 Bd7 21. f4 Nh5 22. e5 Nf8 23. exd6 Qxd6 24. Nb5 Bxb5 25. cxb5 Nxf4 26. Bxf4 gxf4 27. Rd1 Qb6+ 28. Kh1 Ng6 29. Bxg6 Qxg6 30. Qxg6+ fxg6 31. Rxf4 Re5 32. b6 cxb6 33. h3 Rf8 34. Rxf8+ Kxf8 35. Rd6 Kf7 1/2-1/2

[Event "Montcalm VI 2003-04"]
[Site "Quebec CAN"]
[Date "2004.04.08"]
[Round "3"]
[White "Caron, Sebastien"]
[Black "Perreault, Jacquelin"]
[Result "1-0"]
[WhiteElo "1752"]
[BlackElo "1745"]
[PlyCount "63"]
[GameId "2160767911175226"]
[EventDate "2004.03.25"]
[EventType "tourn"]
[EventRounds "5"]
[EventCountry "CAN"]

1. e4 c5 2. d3 Nc6 3. f4 d6 4. Nc3 e6 5. Nf3 Nge7 6. Be3 g6 7. Ne2 Bg7 8. c3 Qc7 9. Rc1 Bd7 10. g3 O-O 11. Bg2 Rac8 12. O-O Rfd8 13. g4 f5 14. gxf5 gxf5 15. Ng3 e5 16. fxe5 Nxe5 17. Nxe5 Bxe5 18. Nxf5 Nxf5 19. exf5 d5 20. Qh5 Be8 21. Qh4 Kh8 22. Rce1 Bf7 23. Bg5 Bg7 24. Bxd8 Rxd8 25. Re7 Rd7 26. Rfe1 Bf8 27. Qf6+ Kg8 28. Rxf7 Rxf7 29. Bxd5 Bg7 30. Bxf7+ Qxf7 31. Qxf7+ Kxf7 32. Kg2 1-0

[Event "Montcalm VI 2003-04"]
[Site "Quebec CAN"]
[Date "2004.04.08"]
[Round "3"]
[White "Theriault, Francis"]
[Black "Bourassa, Andre"]
[Result "1/2-1/2"]
[WhiteElo "1696"]
[BlackElo "1679"]
[PlyCount "62"]
[GameId "2160767911175227"]
[EventDate "2004.03.25"]
[EventType "tourn"]
[EventRounds "5"]
[EventCountry "CAN"]
[SourceTitle "EXT 2005"]
[Source "ChessBase"]
[SourceDate "2004.11.15"]
[SourceVersion "1"]
[SourceVersionDate "2004.11.15"]
[SourceQuality "1"]

1. d4 d5 2. c4 e6 3. Nc3 Nf6 4. Bg5 Be7 5. e3 O-O 6. Nf3 c6 7. Qc2 Nbd7 8. cxd5 exd5 9. Bd3 h6 10. Bxf6 Nxf6 11. O-O Bd6 12. h3 Re8 13. Rab1 Bd7 14. b4 Qc8 15. b5 Bxh3 16. bxc6 Bxg2 17. Bf5 Bxf3 18. Bxc8 Raxc8 19. cxb7 Ng4 20. Rfc1 Rb8 21. Qf5 Bh2+ 22. Kf1 Rxe3 23. Qc8+ Re8 24. Qf5 Re3 25. Nxd5 g6 26. Rc8+ Kg7 27. Qd7 Re2 28. Qd8 Rxf2+ 29. Ke1 Re2+ 30. Kf1 Rf2+ 31. Ke1 Re2+ 1/2-1/2

[Event "Montcalm VI 2003-04"]
[Site "Quebec CAN"]
[Date "2004.04.15"]
[Round "4"]
[White "Bourassa, Andre"]
[Black "Pichette, Francois"]
[Result "0-1"]
[WhiteElo "1679"]
[BlackElo "1675"]
[PlyCount "64"]
[GameId "2160767911175228"]
[EventDate "2004.03.25"]
[EventType "tourn"]
[EventRounds "5"]
[EventCountry "CAN"]

1. d4 d5 2. c4 e6 3. Nc3 Nf6 4. Nf3 c6 5. e3 Nbd7 6. Bd3 Bd6 7. e4 dxe4 8. Nxe4 Nxe4 9. Bxe4 Nf6 10. Bd3 b6 11. O-O O-O 12. Qc2 c5 13. dxc5 Bxc5 14. Bg5 h6 15. Bh4 Bb7 16. Rad1 Qe7 17. Bh7+ Kh8 18. Ne5 g5 19. Bg6 gxh4 20. Bxf7 Be4 21. Qxe4 Nxe4 22. Ng6+ Kg7 23. Nxe7 Rxf7 24. Nc6 Nxf2 25. Rxf2 Rxf2 26. Kh1 Rxb2 27. h3 Rxa2 28. Ne5 Re8 29. Rf1 Rf8 30. Rd1 Bf2 31. Rd7+ Kg8 32. Ng6 Ra1+ 0-1

[Event "Montcalm VI 2003-04"]
[Site "Quebec CAN"]
[Date "2004.04.15"]
[Round "4"]
[White "Dion, Jean-Francois"]
[Black "Auger, Bertrand"]
[Result "1-0"]
[WhiteElo "1863"]
[BlackElo "2093"]
[PlyCount "60"]
[GameId "2160767911175230"]
[EventDate "2004.03.25"]
[EventType "tourn"]
[EventRounds "5"]
[EventCountry "CAN"]

1. d4 Nf6 2. Nf3 e6 3. Bf4 b6 4. e3 Bb7 5. Nbd2 Be7 6. h3 O-O 7. c3 d6 8. Qc2 Nbd7 9. Bd3 c5 10. O-O Rc8 11. Bg3 Re8 12. Ng5 g6 13. Nge4 Nxe4 14. Nxe4 Nf6 15. Nxf6+ Bxf6 16. Rad1 cxd4 17. exd4 Bxd4 18. Bb5 Bc5 19. Bxe8 Qxe8 20. Kh1 e5 21. Qe2 Qe6 22. f3 a5 23. a3 a4 24. Rfe1 f5 25. Bf2 Bd5 26. Bxc5 Bc4 27. Qd2 dxc5 28. Qd6 Rc6 29. Qxe5 Kf7 30. Qf4 Qc8 1-0

[Event "Montcalm VI 2003-04"]
[Site "Quebec CAN"]
[Date "2004.04.15"]
[Round "4"]
[White "Gago, Nelson"]
[Black "Caron, Sebastien"]
[Result "1/2-1/2"]
[WhiteElo "1881"]
[BlackElo "1730"]
[PlyCount "81"]
[GameId "2160767911175231"]
[EventDate "2004.03.25"]
[EventType "tourn"]
[EventRounds "5"]
[EventCountry "CAN"]

1. e4 c5 2. Nf3 Nc6 3. d4 cxd4 4. Nxd4 Nf6 5. Nc3 e5 6. Nf5 d5 7. exd5 Bxf5 8. dxc6 Qxd1+ 9. Kxd1 bxc6 10. Bd3 Rd8 11. Ke2 e4 12. Bc4 Be7 13. Be3 Nd5 14. Nxd5 cxd5 15. Bb5+ Bd7 16. Bxd7+ Rxd7 17. Bd4 O-O 18. h4 Rc8 19. c3 Bc5 20. Rhd1 f5 21. Rd2 Kf7 22. Rad1 Ke6 23. Bxc5 Rxc5 24. Rd4 g6 25. Ke3 Ke5 26. g3 h6 27. c4 a5 28. Rxd5+ Rcxd5 29. Rxd5+ Rxd5 30. cxd5 g5 31. hxg5 hxg5 32. d6 f4+ 33. gxf4+ gxf4+ 34. Kd2 Kxd6 35. b3 Kc5 36. a3 Kd4 37. Kc2 e3 38. Kd1 exf2 39. Ke2 f1=Q+ 40. Kxf1 Kc3 41. b4 1/2-1/2

[Event "Montcalm VI 2003-04"]
[Site "Quebec CAN"]
[Date "2004.04.15"]
[Round "4"]
[White "Sauve, Richard"]
[Black "Lessard, Claude"]
[Result "0-1"]
[WhiteElo "2020"]
[BlackElo "2007"]
[PlyCount "114"]
[GameId "2160767911175232"]
[EventDate "2004.03.25"]
[EventType "tourn"]
[EventRounds "5"]
[EventCountry "CAN"]
[SourceTitle "EXT 2005"]
[Source "ChessBase"]
[SourceDate "2004.11.15"]
[SourceVersion "1"]
[SourceVersionDate "2004.11.15"]
[SourceQuality "1"]

1. d4 Nf6 2. c4 g6 3. Nc3 Bg7 4. e4 d6 5. f3 O-O 6. Be3 e5 7. d5 Nh5 8. Qd2 f5 9. exf5 gxf5 10. O-O-O Na6 11. Bd3 Nc5 12. Bc2 a6 13. b4 Nd7 14. g4 fxg4 15. fxg4 Nf4 16. Nge2 Nb6 17. Nxf4 exf4 18. Bd4 Bxd4 19. Qxd4 Qf6 20. Qd3 Qg7 21. Ne4 Nd7 22. Ng5 Ne5 23. Qxh7+ Qxh7 24. Nxh7 Rf7 25. Ng5 Rg7 26. Ne6 Bxe6 27. dxe6 Kf8 28. c5 Ke7 29. h3 b6 30. Be4 Rh8 31. Bf5 bxc5 32. bxc5 Rb8 33. Rh2 Rb5 34. cxd6+ cxd6 35. Rc2 f3 36. h4 Rg8 37. g5 d5 38. Rg1 Nc4 39. Bd3 Rgb8 40. Rc3 Rb2 41. Rb3 Rg2 42. Rf1 Rc8 43. Bxc4 Rxc4+ 44. Kb1 Rxh4 45. Rbxf3 Rxg5 46. Rf7+ Kxe6 47. R7f6+ Ke5 48. Rxa6 Rg2 49. Re1+ Re4 50. Rd1 d4 51. Ra8 Kf4 52. Rf8+ Ke3 53. Re1+ Re2 54. Rxe2+ Kxe2 55. Rd8 d3 56. Rh8 d2 57. Rh2+ Kd3 0-1

[Event "Montcalm VI 2003-04"]
[Site "Quebec CAN"]
[Date "2004.04.22"]
[Round "5"]
[White "Berube, Antoine"]
[Black "Sauve, Richard"]
[Result "0-1"]
[WhiteElo "1907"]
[BlackElo "2020"]
[PlyCount "84"]
[GameId "2160767911175233"]
[EventDate "2004.03.25"]
[EventType "tourn"]
[EventRounds "5"]
[EventCountry "CAN"]
[SourceTitle "EXT 2005"]
[Source "ChessBase"]
[SourceDate "2004.11.15"]
[SourceVersion "1"]
[SourceVersionDate "2004.11.15"]
[SourceQuality "1"]

1. d4 e6 2. c4 Nf6 3. Nc3 Bb4 4. e3 b6 5. Bd3 Bb7 6. Nf3 Ne4 7. Qc2 f5 8. O-O Bxc3 9. bxc3 O-O 10. Ne1 c5 11. f3 Nd6 12. e4 fxe4 13. fxe4 Rxf1+ 14. Kxf1 e5 15. Nf3 Nf7 16. Be3 d6 17. Qf2 Nd7 18. d5 Nf6 19. h3 Qd7 20. Kg1 Rf8 21. Rf1 Bc8 22. Nh4 Qe8 23. Nf5 Bxf5 24. Qxf5 Qd7 25. Qf3 Qe7 26. Rf2 Nd7 27. Qg4 Nf6 28. Qd1 Ne8 29. Kh2 Nh8 30. Rxf8+ Kxf8 31. Qg4 Ng6 32. Bc2 Qh4 33. Qc8 Ne7 34. Qb8 Kf7 35. Ba4 Nf6 36. Kh1 Qxe4 37. Bg1 Qxc4 38. Bb3 Qe4 39. Qxd6 Nexd5 40. Qd7+ Kg6 41. Qxa7 Nf4 42. Qf7+ Kh6 0-1

[Event "Montcalm VI 2003-04"]
[Site "Quebec CAN"]
[Date "2004.04.22"]
[Round "5"]
[White "Cummins, Paul"]
[Black "Bourassa, Andre"]
[Result "1/2-1/2"]
[WhiteElo "1684"]
[BlackElo "1679"]
[PlyCount "48"]
[GameId "2160767911175234"]
[EventDate "2004.03.25"]
[EventType "tourn"]
[EventRounds "5"]
[EventCountry "CAN"]

1. d4 d5 2. e3 Nf6 3. Bd3 Nbd7 4. f4 c5 5. c3 e6 6. Nd2 g6 7. Ndf3 Bg7 8. Ne5 O-O 9. Ngf3 b6 10. Qe2 Bb7 11. Bd2 Ne4 12. Nxd7 Nxd2 13. Qxd2 Qxd7 14. O-O-O c4 15. Bc2 b5 16. g4 a5 17. h4 b4 18. h5 bxc3 19. Qxc3 e5 20. hxg6 fxg6 21. Nxe5 Bxe5 22. fxe5 Qxg4 23. Rdg1 Qe2 24. Re1 Qf2 1/2-1/2

[Event "Montcalm VI 2003-04"]
[Site "Quebec CAN"]
[Date "2004.04.22"]
[Round "5"]
[White "Lapierre, Gaetan"]
[Black "Gago, Nelson"]
[Result "0-1"]
[WhiteElo "1851"]
[BlackElo "1881"]
[PlyCount "60"]
[GameId "2160767911175235"]
[EventDate "2004.03.25"]
[EventType "tourn"]
[EventRounds "5"]
[EventCountry "CAN"]
[SourceTitle "EXT 2005"]
[Source "ChessBase"]
[SourceDate "2004.11.15"]
[SourceVersion "1"]
[SourceVersionDate "2004.11.15"]
[SourceQuality "1"]

1. Nf3 c6 2. d4 d5 3. c4 dxc4 4. e4 b5 5. a4 a6 6. axb5 cxb5 7. b3 e6 8. bxc4 Bb4+ 9. Bd2 Bxd2+ 10. Nbxd2 bxc4 11. Bxc4 Ne7 12. O-O O-O 13. Re1 Nbc6 14. Nb3 Nb4 15. Nc5 Qc7 16. Rc1 Qb6 17. Re3 Rd8 18. h4 h6 19. Ne5 Nec6 20. Nxf7 Kxf7 21. Qh5+ Kg8 22. Nxe6 Bxe6 23. Bxe6+ Kh8 24. Rg3 Nxd4 25. Rxg7 Qxe6 26. Rcc7 Qf6 27. Rg6 Ne2+ 28. Kf1 Ng3+ 29. Rxg3 Qa1+ 30. Ke2 Qd1+ 0-1

[Event "Montcalm VI 2003-04"]
[Site "Quebec CAN"]
[Date "2004.04.22"]
[Round "5"]
[White "Lessard, Claude"]
[Black "Dion, Jean-Francois"]
[Result "1-0"]
[WhiteElo "2070"]
[BlackElo "1863"]
[PlyCount "93"]
[GameId "2160767911175236"]
[EventDate "2004.03.25"]
[EventType "tourn"]
[EventRounds "5"]
[EventCountry "CAN"]

1. e4 d6 2. f4 Nf6 3. Nc3 g6 4. Nf3 Bg7 5. d4 O-O 6. Bd3 c5 7. dxc5 dxc5 8. O-O Nc6 9. Qe1 a6 10. e5 Nd5 11. Nxd5 Qxd5 12. Be4 Qd7 13. Be3 b6 14. Rd1 Qc7 15. c3 Be6 16. Qh4 f6 17. Qg3 f5 18. Bd5 Bxd5 19. Rxd5 Rfd8 20. Rxd8+ Rxd8 21. h4 Rd3 22. Re1 e6 23. h5 gxh5 24. Kf2 Ne7 25. Qh4 Nd5 26. Qxh5 h6 27. Qe8+ Bf8 28. Qxe6+ Qf7 29. Qxf7+ Kxf7 30. g3 Ke6 31. Bd2 Nc7 32. Rg1 Kf7 33. Ke2 c4 34. Nd4 Bc5 35. g4 fxg4 36. Rxg4 Bxd4 37. cxd4 Rxd4 38. Be3 Rd7 39. f5 Rd5 40. Rxc4 Ne8 41. Re4 h5 42. Bd4 b5 43. Kf3 Nc7 44. Rh4 b4 45. Ke4 Rb5 46. Rxh5 Kg8 47. e6 1-0

[Event "Montcalm VII 2003-04"]
[Site "Quebec CAN"]
[Date "2004.04.29"]
[Round "1"]
[White "Berube, Antoine"]
[Black "Audet-Bouchard, Nicolas"]
[Result "1-0"]
[WhiteElo "1985"]
[BlackElo "2110"]
[PlyCount "117"]
[GameId "2160767911158427"]
[EventDate "2004.04.29"]
[EventType "swiss"]
[EventRounds "5"]
[EventCountry "CAN"]
[SourceTitle "EXT 2005"]
[Source "ChessBase"]
[SourceDate "2004.11.15"]
[SourceVersion "1"]
[SourceVersionDate "2004.11.15"]
[SourceQuality "1"]

1. d4 d5 2. c4 Nc6 3. Nf3 Bg4 4. cxd5 Bxf3 5. dxc6 Bxc6 6. Nc3 e6 7. e4 Bb4 8. f3 Qh4+ 9. g3 Qh5 10. Be3 O-O-O 11. Bg2 f5 12. Qb3 Bxc3+ 13. bxc3 fxe4 14. fxe4 Nf6 15. Qxe6+ Kb8 16. Rb1 Rd6 17. Qc4 Bxe4 18. Bxe4 Nxe4 19. O-O Qg6 20. Bf4 Rc6 21. Qb4 b6 22. Rbc1 h5 23. d5 Rc5 24. Rfe1 Re8 25. Re3 Nf6 26. Rxe8+ Nxe8 27. Re1 Rxd5 28. Qc4 Rd7 29. Qg8 Rd8 30. Be5 Rc8 31. a4 h4 32. a5 hxg3 33. Bxg3 Nf6 34. Qa2 Ne4 35. axb6 Qxb6+ 36. Kg2 Nxc3 37. Qc2 Qb7+ 38. Kg1 Nd5 39. Rb1 Nb6 40. Qg6 Ka8 41. Qxg7 c5 42. Qxb7+ Kxb7 43. h4 a5 44. Be5 Re8 45. Bc3 Ra8 46. h5 Kc6 47. h6 Nd5 48. Bg7 Nf4 49. Kf2 Ne6 50. h7 Nxg7 51. Rg1 Rh8 52. Rxg7 Kb5 53. Ke2 Kc4 54. Kd2 a4 55. Kc2 a3 56. Rb7 Rf8 57. Kb1 Kc3 58. Ka2 c4 59. Rg7 1-0

[Event "Montcalm VII 2003-04"]
[Site "Quebec CAN"]
[Date "2004.04.29"]
[Round "1"]
[White "Boily, Felix-Antoine"]
[Black "Bourassa, Andre"]
[Result "0-1"]
[WhiteElo "1014"]
[BlackElo "1666"]
[PlyCount "85"]
[GameId "2160767911158428"]
[EventDate "2004.04.29"]
[EventType "swiss"]
[EventRounds "5"]
[EventCountry "CAN"]

1. e4 c5 2. Nf3 d6 3. Be2 Nf6 4. Nc3 Nc6 5. O-O a6 6. d3 b5 7. b3 e6 8. Bg5 Be7 9. Qc1 h6 10. Bh4 Nd4 11. h3 b4 12. Nxd4 cxd4 13. Na4 g5 14. Bg3 e5 15. Nb2 Be6 16. Qd1 h5 17. h4 g4 18. Nc4 Nd7 19. a3 Bxc4 20. bxc4 bxa3 21. Rxa3 d5 22. Ra1 dxc4 23. dxc4 Bxh4 24. Bh2 Rh6 25. g3 Be7 26. Bd3 Bb4 27. Qc1 Rg6 28. f4 gxf3 29. Rxf3 Qg5 30. Qxg5 Rxg5 31. Raf1 f6 32. Rf5 Bd2 33. Rb1 Rxf5 34. exf5 Rb8 35. Rxb8+ Nxb8 36. Kg2 Nd7 37. Be4 Nc5 38. Bf3 Kd7 39. Bxh5 a5 40. Bf3 a4 41. Bd5 a3 42. Be6+ Nxe6 43. fxe6+ 0-1

[Event "Montcalm VII 2003-04"]
[Site "Quebec CAN"]
[Date "2004.04.29"]
[Round "1"]
[White "Sauve, Richard"]
[Black "Bourassa, Real"]
[Result "1-0"]
[WhiteElo "1924"]
[BlackElo "1655"]
[PlyCount "83"]
[GameId "2160767911158429"]
[EventDate "2004.04.29"]
[EventType "swiss"]
[EventRounds "5"]
[EventCountry "CAN"]
[SourceTitle "EXT 2005"]
[Source "ChessBase"]
[SourceDate "2004.11.15"]
[SourceVersion "1"]
[SourceVersionDate "2004.11.15"]
[SourceQuality "1"]

1. d4 d5 2. c4 e6 3. Nc3 Nf6 4. Bg5 Be7 5. e3 Nc6 6. Nf3 b6 7. Rc1 Bb7 8. Bxf6 Bxf6 9. cxd5 exd5 10. Bb5 O-O 11. O-O a6 12. Bd3 Ne7 13. Qc2 Rc8 14. Bxh7+ Kh8 15. Bd3 c5 16. Qe2 c4 17. Bb1 g6 18. Ne5 Bxe5 19. dxe5 Kg7 20. f4 d4 21. exd4 Qxd4+ 22. Kh1 b5 23. Rcd1 Qb6 24. f5 gxf5 25. Bxf5 Nxf5 26. Rxf5 Qg6 27. Rf6 Qg5 28. Rd4 Qc1+ 29. Rf1 Qh6 30. Rg4+ Kh8 31. Rff4 Rg8 32. Rh4 Bxg2+ 33. Qxg2 Rxg2 34. Rxh6+ Kg7 35. Kxg2 Kxh6 36. Rxf7 b4 37. Ne4 Re8 38. Nf6 Re6 39. Ng4+ Kg5 40. Kf3 c3 41. bxc3 bxc3 42. Rc7 1-0

[Event "Montcalm VII 2003-04"]
[Site "Quebec CAN"]
[Date "2004.04.29"]
[Round "1"]
[White "Sirois, Eric"]
[Black "Gago, Nelson"]
[Result "0-1"]
[WhiteElo "1617"]
[BlackElo "1881"]
[PlyCount "60"]
[GameId "2160767911158430"]
[EventDate "2004.04.29"]
[EventType "swiss"]
[EventRounds "5"]
[EventCountry "CAN"]
[SourceTitle "EXT 2005"]
[Source "ChessBase"]
[SourceDate "2004.11.15"]
[SourceVersion "1"]
[SourceVersionDate "2004.11.15"]
[SourceQuality "1"]

1. e4 c6 2. d4 d5 3. Nc3 dxe4 4. Nxe4 Bf5 5. Ng3 Bg6 6. h4 h6 7. Nf3 Nf6 8. h5 Bh7 9. Bd3 Bxd3 10. Qxd3 e6 11. Bd2 Be7 12. O-O-O a5 13. Ne4 Nbd7 14. Ne5 Nxe5 15. dxe5 Qxd3 16. cxd3 Nd5 17. a3 O-O 18. Kb1 Rfd8 19. Nc3 b5 20. Nxd5 Rxd5 21. Bf4 b4 22. a4 Rad8 23. Kc2 Bc5 24. Bg3 Bd4 25. f4 b3+ 26. Kb1 Be3 27. Rhf1 Rxd3 28. Rxd3 Rxd3 29. Bh2 Rd2 30. Bg1 Bxf4 0-1

[Event "Montcalm VII 2003-04"]
[Site "Quebec CAN"]
[Date "2004.04.30"]
[Round "1"]
[White "Auger, Bertrand"]
[Black "Perreault, Jacquelin"]
[Result "1/2-1/2"]
[WhiteElo "2007"]
[BlackElo "1745"]
[PlyCount "66"]
[GameId "2160767911158431"]
[EventDate "2004.04.29"]
[EventType "swiss"]
[EventRounds "5"]
[EventCountry "CAN"]
[SourceTitle "EXT 2005"]
[Source "ChessBase"]
[SourceDate "2004.11.15"]
[SourceVersion "1"]
[SourceVersionDate "2004.11.15"]
[SourceQuality "1"]

1. Nf3 c5 2. c4 Nf6 3. Nc3 g6 4. g3 b6 5. Bg2 Bb7 6. O-O Bg7 7. d4 cxd4 8. Qxd4 O-O 9. Qh4 d6 10. Bh6 Nc6 11. Rfd1 Qb8 12. Bxg7 Kxg7 13. Nd5 Rd8 14. Nxf6 exf6 15. Rd3 Qc7 16. Nd2 Ne5 17. Bxb7 Qxb7 18. Rd5 Rac8 19. b3 Qe7 20. Nf1 Rc5 21. Rad1 Rxd5 22. Rxd5 Qe6 23. Ne3 g5 24. Qe4 Nc6 25. Nf5+ Kf8 26. Qg4 Ne7 27. Qh3 Nxf5 28. Qxf5 Qxf5 29. Rxf5 Ke7 30. e4 Ke6 31. Kf1 Rc8 32. g4 Rc5 33. Ke2 Rxf5 1/2-1/2

[Event "Montcalm VII 2003-04"]
[Site "Quebec CAN"]
[Date "2004.05.06"]
[Round "2"]
[White "Audet-Bouchard, Nicolas"]
[Black "Auger, Bertrand"]
[Result "1-0"]
[WhiteElo "2110"]
[BlackElo "2007"]
[PlyCount "55"]
[GameId "2160767911158432"]
[EventDate "2004.04.29"]
[EventType "swiss"]
[EventRounds "5"]
[EventCountry "CAN"]
[SourceTitle "EXT 2005"]
[Source "ChessBase"]
[SourceDate "2004.11.15"]
[SourceVersion "1"]
[SourceVersionDate "2004.11.15"]
[SourceQuality "1"]

1. e4 e6 2. d4 d5 3. Nc3 dxe4 4. Nxe4 Bd7 5. Nf3 Bc6 6. Bd3 Nd7 7. O-O Ngf6 8. Ng3 Be7 9. b3 O-O 10. Bb2 Re8 11. c4 Bxf3 12. Qxf3 c6 13. Rfe1 Qa5 14. a3 Rad8 15. h4 Nf8 16. Re5 Qc7 17. Rae1 Ng6 18. Nh5 Nxe5 19. Rxe5 Nxh5 20. Rxh5 f5 21. d5 cxd5 22. g4 g6 23. gxf5 exf5 24. Bxf5 Bc5 25. Bxg6 h6 26. Rxh6 d4 27. Bh7+ Qxh7 28. Rxh7 1-0

[Event "Montcalm VII 2003-04"]
[Site "Quebec CAN"]
[Date "2004.05.06"]
[Round "2"]
[White "Bourassa, Andre"]
[Black "Sauve, Richard"]
[Result "0-1"]
[WhiteElo "1679"]
[BlackElo "1924"]
[PlyCount "71"]
[GameId "2160767911158433"]
[EventDate "2004.04.29"]
[EventType "swiss"]
[EventRounds "5"]
[EventCountry "CAN"]
[SourceTitle "EXT 2005"]
[Source "ChessBase"]
[SourceDate "2004.11.15"]
[SourceVersion "1"]
[SourceVersionDate "2004.11.15"]
[SourceQuality "1"]

1. d4 e6 2. c4 d5 3. Nc3 c6 4. Nf3 dxc4 5. e3 b5 6. a4 Bb4 7. Bd2 a5 8. axb5 Bxc3 9. Bxc3 cxb5 10. Qd2 Nf6 11. Bxa5 Qd5 12. Qc1 Nc6 13. Bd2 Rxa1 14. Qxa1 O-O 15. Be2 Bb7 16. O-O Ra8 17. Qb1 Ne4 18. Rd1 Na5 19. Bc1 Nb3 20. Ne1 h5 21. Bf3 Qf5 22. Qc2 Ra1 23. h3 Bd5 24. Kh2 h4 25. Kg1 Qg6 26. Be2 f5 27. Nf3 Qf6 28. Nd2 Rxc1 29. Rxc1 Nexd2 30. Rd1 Qg6 31. f3 Qg5 32. Kf2 Qg3+ 33. Kg1 Nxf3+ 34. Bxf3 Bxf3 35. Qf2 Qxf2+ 36. Kxf2 0-1

[Event "Montcalm VII 2003-04"]
[Site "Quebec CAN"]
[Date "2004.05.06"]
[Round "2"]
[White "Caire, Francois"]
[Black "Perreault, Jacquelin"]
[Result "1-0"]
[WhiteElo "2075"]
[BlackElo "1745"]
[PlyCount "65"]
[GameId "2160767911158434"]
[EventDate "2004.04.29"]
[EventType "swiss"]
[EventRounds "5"]
[EventCountry "CAN"]
[SourceTitle "EXT 2005"]
[Source "ChessBase"]
[SourceDate "2004.11.15"]
[SourceVersion "1"]
[SourceVersionDate "2004.11.15"]
[SourceQuality "1"]

1. d4 Nf6 2. c4 b6 3. Nc3 Bb7 4. Qc2 d5 5. cxd5 Nxd5 6. e4 Nxc3 7. bxc3 e6 8. Nf3 Be7 9. Bd3 O-O 10. O-O c5 11. Qe2 Nc6 12. Bb2 cxd4 13. cxd4 Nb4 14. Bc4 Rc8 15. a3 Rxc4 16. Qxc4 Ba6 17. Qc3 Bxf1 18. axb4 Be2 19. d5 Bf6 20. e5 Bxf3 21. Qxf3 Bg5 22. d6 Qd7 23. Qg4 Bh6 24. Bc1 Bxc1 25. Rxc1 Rc8 26. Qd1 Rd8 27. Qc2 Kf8 28. Qxh7 f6 29. Rc7 Qxc7 30. Qh8+ Kf7 31. Qh5+ g6 32. Qh7+ Ke8 33. Qxc7 1-0

[Event "Montcalm VII 2003-04"]
[Site "Quebec CAN"]
[Date "2004.05.06"]
[Round "2"]
[White "Lessard, Claude"]
[Black "Berube, Antoine"]
[Result "0-1"]
[WhiteElo "2016"]
[BlackElo "1985"]
[PlyCount "96"]
[GameId "2160767911158435"]
[EventDate "2004.04.29"]
[EventType "swiss"]
[EventRounds "5"]
[EventCountry "CAN"]
[SourceTitle "EXT 2005"]
[Source "ChessBase"]
[SourceDate "2004.11.15"]
[SourceVersion "1"]
[SourceVersionDate "2004.11.15"]
[SourceQuality "1"]

1. a3 d5 2. e4 dxe4 3. Nc3 Nf6 4. f3 e5 5. fxe4 Bc5 6. b4 Bxg1 7. Rxg1 Qd4 8. Rh1 Bg4 9. Be2 Nxe4 10. Nxe4 Qxe4 11. Rf1 O-O 12. Bb2 Nc6 13. d3 Qxe2+ 14. Qxe2 Bxe2 15. Kxe2 Nd4+ 16. Bxd4 exd4 17. Rf4 Rad8 18. Raf1 f6 19. h4 Rfe8+ 20. Re4 Re5 21. Rxe5 fxe5 22. Rf5 Re8 23. Kf3 g6 24. Rg5 Kf7 25. Ke4 Kf6 26. Rg3 c6 27. Rf3+ Ke6 28. g4 a5 29. g5 axb4 30. axb4 Re7 31. Rf6+ Kd7 32. Rf8 Kd6 33. Rd8+ Kc7 34. Ra8 Kd6 35. Rf8 Kc7 36. Rf6 Kb6 37. Rf1 Kb5 38. Rb1 Ka4 39. b5 cxb5 40. Kd5 Rc7 41. Kxe5 Rxc2 42. Kxd4 b4 43. Ra1+ Kb3 44. Ra7 Rc7 45. Ke3 Kc2 46. Ra2+ Kb1 47. Ra4 b3 48. Rb4 b2 0-1

[Event "Montcalm VII 2003-04"]
[Site "Quebec CAN"]
[Date "2004.05.13"]
[Round "3"]
[White "Auger, Bertrand"]
[Black "Lessard, Claude"]
[Result "0-1"]
[WhiteElo "2007"]
[BlackElo "2016"]
[PlyCount "82"]
[GameId "2160767911158436"]
[EventDate "2004.04.29"]
[EventType "swiss"]
[EventRounds "5"]
[EventCountry "CAN"]
[SourceTitle "EXT 2005"]
[Source "ChessBase"]
[SourceDate "2004.11.15"]
[SourceVersion "1"]
[SourceVersionDate "2004.11.15"]
[SourceQuality "1"]

1. Nf3 c5 2. b3 Nc6 3. Bb2 d6 4. g3 e5 5. d3 f5 6. Nbd2 Nf6 7. e3 Be7 8. Bg2 O-O 9. O-O Qe8 10. Ng5 h6 11. Nh3 Be6 12. f4 Ng4 13. Qe2 Nb4 14. Rfc1 Nd5 15. Nf1 Qd7 16. Nf2 exf4 17. exf4 Bf6 18. Bxf6 Ngxf6 19. c4 Nb4 20. Re1 Rae8 21. Qd2 Nc6 22. Qc3 d5 23. cxd5 Bxd5 24. Qxc5 Bxg2 25. Kxg2 Kh8 26. Ne3 Nd4 27. Nc4 b6 28. Qd6 Qb7+ 29. Kf1 Rd8 30. Qe7 Qf3 31. Ne5 Qh5 32. Rac1 Rc8 33. Rc7 Rxc7 34. Qxf8+ Kh7 35. Qd8 Nb5 36. a4 Qxh2 37. axb5 Nh5 38. Re3 Rc1+ 39. Ke2 Rc2+ 40. Kd1 Qxf2 41. Nc4 Ra2 0-1